[Event "FRA-ch Blitz Online Qual"]
[Site "Europe Echecs INT"]
[Date "2020.05.16"]
[Round "1"]
[White "Sylvestre Baron, Laurent"]
[Black "Terrieux, Kevin"]
[Result "0-1"]
[WhiteElo "1728"]
[BlackElo "2448"]
[PlyCount "46"]
[EventDate "2020.05.16"]
[EventType "swiss (blitz)"]
[EventRounds "15"]
[EventCountry "FRA"]
[SourceTitle "CBM 196 Extra"]
[Source "ChessBase"]
[SourceDate "2020.07.31"]
[SourceVersion "1"]
[SourceVersionDate "2020.07.31"]
[SourceQuality "1"]

1. c4 e5 2. Nc3 Nc6 3. Nf3 g6 4. d4 exd4 5. Nxd4 Bg7 6. Be3 Nf6 7. f3 0-0 8. Bf2 d5 9. cxd5 Nxd5 10. e4 Nxc3 11. bxc3 Ne5 12. Be2 c5 13. Nc2 Qc7 14. 0-0 Rd8 15. Qc1 Nd3 16. Bxd3 Rxd3 17. Be1 Be6 18. Ne3 Rad8 19. Rb1 Bxa2 20. Rb2 Be6 21. c4 Rxe3 22. Bg3 Qc6 23. Qxe3 Bd4 0-1